Statistics for Capital to Country - Multiple Choice

Click here to take the quiz!

General Stats

  • This quiz has been taken 103 times
  • The average score is 16 of 20

Answer Stats

QuestionAnswer% Correct
ParisFrance
100%
LisbonPortugal
98%
CopenhagenDenmark
96%
Kuala LumpurMalaysia
96%
WellingtonNew Zealand
96%
TripoliLibya
92%
IslamabadPakistan
91%
QuitoEcuador
87%
PraiaCape Verde
85%
RigaLatvia
82%
SkopjeMacedonia
82%
ChișinăuMoldova
82%
MuscatOman
82%
DhakaBangladesh
76%
WindhoekNamibia
75%
San JoséCosta Rica
73%
YerevanArmenia
71%
YamoussoukroIvory Coast
63%
Port LouisMauritius
63%
Saint John'sAntigua and Barbuda
49%

Score Distribution

Percentile by Number Answered

Percent of People with Each Score

Your Score History

You have not taken this quiz